| Tag |
First Indicator |
Second Indicator |
Subfields |
| LEADER |
00000cam a2200000 a 4500 |
| 001 |
in00000091151 |
| 005 |
20150923131356.0 |
| 008 |
810107s1980 nyua b 00010 engm |
| 010 |
|
|
|a 80069154
|
| 020 |
|
|
|a 087262255X (pbk.)
|
| 035 |
|
|
|a (OCoLC)07206730
|
| 035 |
|
|
|9 AAK6740AM
|
| 040 |
|
|
|a DLC
|c DLC
|d m.c.
|d TXA
|d UtOrBLW
|
| 049 |
|
|
|a TXAM
|c [1482162]
|
| 050 |
0 |
0 |
|a TG305
|b A55 1980
|
| 082 |
0 |
|
|a 624/.2/0287
|2 19
|
| 110 |
2 |
|
|a American Society of Civil Engineers.
|b Committee on Safety of Bridges.
|
| 245 |
1 |
2 |
|a A guide for the field testing of bridges /
|c prepared by the Working Committee on Safety of Bridges under the Technical Committee on Structural Safety and Reliability ; B. Bakht [and others].
|
| 264 |
|
1 |
|a New York, N.Y. :
|b American Society of Civil Engineers,
|c [1980]
|
| 264 |
|
4 |
|c ©1980
|
| 300 |
|
|
|a 72 pages :
|b illustrations ;
|c 22 cm.
|
| 336 |
|
|
|a text
|b txt
|2 rdacontent
|
| 337 |
|
|
|a unmediated
|b n
|2 rdamedia
|
| 338 |
|
|
|a volume
|b nc
|2 rdacarrier
|
| 504 |
|
|
|a Includes bibliographical references.
|
| 650 |
|
0 |
|a Bridges
|x Testing.
|
| 700 |
1 |
|
|a Bakht, B.
|
| 999 |
|
|
|a MARS
|
| 999 |
f |
f |
|s e53f5ecf-dc28-3547-9215-3bc99c5cfc1f
|i cdd156da-3df9-398a-ac56-4c0e8b4c2828
|t 0
|
| 952 |
f |
f |
|p normal
|a Texas A&M University
|b College Station
|c Sterling C. Evans Library
|d Evans: Library Stacks
|t 0
|e TG305 A55 1980
|h Library of Congress classification
|i unmediated -- volume
|m A14806049423
|
| 998 |
f |
f |
|a TG305 A55 1980
|t 0
|l Evans: Library Stacks
|